000 01388nam a2200421Ia 4500
001 dia_7819
003 CHAP
005 20251021153828.0
008 220117s2019 xx 000 0 und d
010 _a179307
020 _a978-968-02-0406-9
040 _cCHAP
082 _a664.752 B84 2019
100 _aBuendía González, María Ofelia
_915946
245 _aTecnología de panificación semi-mecanizada : manual de prácticas /
_c María Ofelia Buendía González
250 _a2a ed.
260 _aMéxico :
_b Universidad Autónoma Chapingo. Departamento de Ingeniería Agroindustrial,
_c2019
300 _a124 p.
440 _aMaterias aplicadas (UACh)
_9162113
503 _aC
504 _aBibliografía: p.122
590 _aTX394 B84 2019
650 _aBaked goods
_xManuals, texbooks, etc.
_9163592
650 _aBiscuits
_9163593
650 _aBizcochos (dulces)
_9163594
650 _aBizcochos (salados)
_9163595
650 _aBreads
_9149522
650 _aCrackers 1Cookies 1
_9163596
650 _aGalletas
_944431
650 _aGalletas crujientes
_9163597
650 _aMuffins
_9163598
650 _aProductos horneados
_xManuales
_9163599
650 _aTipos de pan
_9163600
901 _a664.752 B84 2019
902 _aM
905 _a5232272019 mx din 8223223322spa16
942 _cLIBRO
_2ddc
999 _c179307
_d179307